Business: A Changing World (Record no. 4082)

MARC details
005 - DATE AND TIME OF LATEST TRANSACTION
control field 20250614125507.0
020 ## - INTERNATIONAL STANDARD BOOK NUMBER
International Standard Book Number 978-0-07-351166-5
100 ## - MAIN ENTRY--PERSONAL NAME
Author name FERRELL, O.C
245 ## - TITLE STATEMENT
Title Business: A Changing World
260 ## - PUBLICATION, DISTRIBUTION, ETC.
Place of publication, distribution, etc. New York
Name of publisher, distributor, etc. McGraw-Hill
Date of publication, distribution, etc. 2008
300 ## - PHYSICAL DESCRIPTION
Extent xxxiv, 586p.: ill; pictures, tables
Other physical details Index
Dimensions 26 cm
942 ## - ADDED ENTRY ELEMENTS (KOHA)
Source of classification or shelving scheme Dewey Decimal Classification
Koha item type Books
Holdings
Date last seen Total checkouts Full call number Barcode Cost, replacement price Price effective from Koha item type Lost status Source of classification or shelving scheme Damaged status Not for loan Withdrawn status Home library Current library Shelving location Date acquired Source of acquisition Cost, normal purchase price
06/27/2025   650 FER DOM0004192 135000.00 06/27/2025 Books   Dewey Decimal Classification       CBE Dodoma CBE Dodoma General Collection 06/26/2010   45000.00
06/14/2025   650 FER MBY000136 135000.00 06/14/2025 Books   Dewey Decimal Classification       CBE MBEYA CBE MBEYA General Collection 03/27/2012 PURCHASE 45000.00
06/28/2025   650 FER MBY000756 135000.00 06/28/2025 Books   Dewey Decimal Classification       CBE MBEYA CBE MBEYA General Collection 03/27/2012 Purchase 45000.00
06/28/2025   650 FER MBY000755 135000.00 06/28/2025 Books   Dewey Decimal Classification       CBE MBEYA CBE MBEYA General Collection 03/27/2012 Purchase 45000.00